000 00459nam a22001817a 4500
005 20230819161036.0
008 230817b |||||||| |||| 00| 0 eng d
020 _a978-0-443-06978-9
041 _aeng
082 _a616.7 LIN-N
100 _aLINDSAY, KENNETH.W AND OTHERS
_98066
245 _aNEUROLOGY AND NEUROSURGERY ILLUSTRATED
250 _a5TH ED, 2010
260 _aLONDON
_bELSEVIER
_c2010
300 _a600;p
650 _aBPT
_98067
942 _cBK
999 _c8366
_d8364